000 01194nam a22003017a 4500
001 4747
003 FISKH
005 20240927111440.0
008 240927b cb ||||| |||| 00| 0 eng d
020 _a9780439944489
040 _aFISKH
_beng
_cFISKH
_dFISKH
050 _aQC25.A76
082 _a530
100 _aArnold, Nick
_eauthor
245 _aFatal Forces /
_cby Nick Arnold : illustrated by Tony De Saulles
250 _aThis edition published in 2008
260 _aNew York :
_bScholastic ;
_c1997 .
300 _a175 pages :
_bcolor illustrations ;
_c21 cm .
490 _aHorrible Science
505 _aT
520 _aChildren will laugh and learn as they explore the weird side of science with the Horrible Science Series. How do vampire bats suck blood? What makes stink bombs stink? These are just a few of the questions that are answered in this wacky science fact series. Cartoon-style illustrations depict the more grotesque aspects of science that fascinate children.
521 8 _a810
_bLexile
521 8 _aT
_bRaz-Plus
650 _aphysics
_vnon-fiction
700 _aSaulles , Tony De
_eillustrator
942 _2ddc
_cBK
_n0
999 _c4747
_d4747